| 000 -LEADER | |
|---|---|
| fixed length control field | 00647nam a22001937a 4500 |
| 005 - DATE AND TIME OF LATEST TRANSACTION | |
| control field | 20250420134825.0 |
| 008 - FIXED-LENGTH DATA ELEMENTS--GENERAL INFORMATION | |
| fixed length control field | 230419b ||||| |||| 00| 0 eng d |
| 020 ## - INTERNATIONAL STANDARD BOOK NUMBER | |
| International Standard Book Number | 6281072000646 |
| 040 ## - CATALOGING SOURCE | |
| Transcribing agency | KCST |
| 082 ## - DEWEY DECIMAL CLASSIFICATION NUMBER | |
| Edition information | 155.24 |
| Classification number | جو من |
| 100 ## - MAIN ENTRY--PERSONAL NAME | |
| Personal name | سبنسر جونسون |
| 9 (RLIN) | 5731 |
| 245 ## - TITLE STATEMENT | |
| Title | من الذي حرك قطعة الجبن الخاصة بي ؟ |
| Statement of responsibility, etc. | سبنسر جونسون |
| 260 ## - PUBLICATION, DISTRIBUTION, ETC. | |
| Place of publication, distribution, etc. | ، الرياض، المملكة العربية السعودية |
| Name of publisher, distributor, etc. | ،مكتبة جرير |
| Date of publication, distribution, etc. | 2017 |
| 300 ## - PHYSICAL DESCRIPTION | |
| Extent | 92 ص |
| 650 ## - SUBJECT ADDED ENTRY--TOPICAL TERM | |
| Topical term or geographic name entry element | التغيير (علم النفس) |
| 9 (RLIN) | 5732 |
| 650 ## - SUBJECT ADDED ENTRY--TOPICAL TERM | |
| Topical term or geographic name entry element | النجاح (علم نفس) |
| 9 (RLIN) | 5733 |
| 942 ## - ADDED ENTRY ELEMENTS (KOHA) | |
| Koha item type | Book |
| 942 ## - ADDED ENTRY ELEMENTS (KOHA) | |
| Source of classification or shelving scheme | Dewey Decimal Classification |
| Withdrawn status | Lost status | Source of classification or shelving scheme | Damaged status | Not for loan | Home library | Current library | Date acquired | Source of acquisition | Cost, normal purchase price | Total checkouts | Full call number | Barcode | Date last seen | Price effective from | Koha item type |
|---|---|---|---|---|---|---|---|---|---|---|---|---|---|---|---|
| Dewey Decimal Classification | KCST Library | KCST Library | 19/04/2023 | Donated by Dr. Lubna 1-5-2023 | 0.00 | جو من 155.24 | 1000001160 | 19/04/2023 | 19/04/2023 | Book | |||||
| Dewey Decimal Classification | KCST Library | KCST Library | 19/04/2023 | Donated by Dr. Lubna 1-5-2023 | 0.00 | جو من 155.24 | 1000001161 | 19/04/2023 | 19/04/2023 | Book |